000
00260nam a22001097a 4500
082
_a
621.381 THE'S
100
_a
THERAJA, B. L
_9
7131
245
_a
SOLID STATE ELECTRONICS, OBJECTIVE TETS
260
_a
NEWDELHI
_b
S. CHAND
_c
1986
300
_a
254P
942
_c
BK
999
_c
574383
_d
574383